000 01204cam a2200241 4500
001 ABS67901
008 040622n2004 000 0 eng u
035 _a(Sirsi) u126568
100 _aJohnson, N.
245 _aAvoidance always better than cure
260 _c2004
490 _aMind Your Own Business
_v27(5) May 2004, 26(1)
520 _aGives advice on how to avoid or limit disputes occurring in the commercial sector. Disputes can be minimised by a company having in place formal documentation setting out in detail the basis of a company's trading relationship. Contracts giving standard terms and conditions should be drawn up with customers or suppliers of a company with a view to protecting its position. If a dispute occurs, proper legal advice should be sought as soon as possible as failure to do so can lead to the undermining of the company's case by failing to properly present itself at the crucial early stage.
590 _aABS
590 _aABS
650 _aDISPUTE RESOLUTION
_96236
650 _aLITIGATION
650 _aCUSTOMER CONTRACTS
650 _aCONTRACTUAL DISPUTES
650 _aSTANDARD TERMS
690 _aBusiness and management
_96226
942 _n0
999 _c117577
_d117577